000 00437nmm a2200169Ia 4500
008 251105s9999||||xx |||||||||||||||||und||
020 _a9788498165906
041 _aspa
100 _aAlcázar, Baltasar de
245 0 _aPoemas
264 _a[Madrid, España] :
_bLinkgua,
_c2011
300 _a76 páginas
490 _aPoesía
650 _aSpanish poetry
856 _uhttps://public.digitaliapublishing.com/a/15436
942 _cCF
999 _c91303
_d91303